| 000 | 01562nam2a2200301 4500 | ||
|---|---|---|---|
| 001 | RU\NLR\BIBL_A\011330850 | ||
| 005 | 20250626043818.0 | ||
| 010 |
_a978-5-9530-0460-2 _9100 |
||
| 021 |
_aRU _b2017-3567 _9255 |
||
| 021 |
_aRU _b2017-13044 _9960 |
||
| 035 | _a(NLR Aleph) 011330850 | ||
| 090 |
_a11133284 _c11133284 |
||
| 100 | _a20170217d2016 |||y0rusy50 ca | ||
| 101 | 0 | _arus | |
| 102 | _aRU | ||
| 105 | _aa z 000zy | ||
| 200 | 1 |
_aSelected aspects of new particle formation in the Earth atmosphere: phenomenology and mechanistic description _fOlaf Hellmuth |
|
| 210 |
_d2016 _aБ. м. |
||
| 215 |
_aVI, 495 с. _cил. |
||
| 320 | _aБиблиогр.: с. 471-495 | ||
| 461 | 0 |
_1001RU\NLR\b_ik\203844 _12001#$aNucleation theory and applications$especial issues$eReview series on selected topics of atmospheric sol formation$fOlaf Hellmuth, Vitaly I. Khvorostyanov, Judith A. Curry [et al.]$gJürn W.P. Schmelzer a. Olaf Hellmuth (ed.)$gJoint inst. for nuclear research$vVol. 2 _99785058 _cDubna _d2013 _fOlaf Hellmuth, Vitaly I. Khvorostyanov, Judith A. Curry [et al.] _nJINR _ospecial issues : Review series on selected topics of atmospheric sol formation _tNucleation theory and applications _vVol. 2 |
|
| 541 | 1 | _aИзбранные аспекты образования новых частиц в атмосфере Земли | |
| 606 | 1 |
_aАэрозоли атмосферные _xОбразование _92316695 _3RU\NLR\AUTH\6601611425 |
|
| 686 | 1 | _aД232.2 | |
| 942 | _cBOOK | ||
| 980 | _aNB | ||